50 personnalités du Moyen-Âge - Statistiques

Statistiques générales
  • Ce quiz a été pris 1 577 fois
  • Le résultat moyen est 14 sur 50
Statistiques - réponses
Indice Réponse % Correct
La pucelle d'Orléans Jeanne d'Arc
97%
Couronné empereur de Rome le 24 ou 25 décembre 800 Charlemagne
78%
Considéré comme le premier roi de France Clovis Ier
76%
Roi de France "qui a mis sa culotte à l'envers" Dagobert Ier
71%
Fondateur de la dynastie des capétiens Hugues Capet
68%
Explorateur vénitien célèbre pour son voyage en Chine Marco Polo
67%
Le fondateur de l'Empereur mongol Gengis Khan
61%
Le grand-père de celui-ci qui repoussa les arabes à Poitiers Charles Martel
60%
Premier roi normand d'Angleterre Guillaume Ier le Conquérant
60%
Cœur de Lion, le roi d'Angleterre Richard Ier
56%
La mère de celiu-ci, tour à tour Reine de France et d'Angleterre Aliénor d'Aquitaine
53%
L'auteur de la "Divine Comédie" Dante Alighieri
50%
Le roi qui condamna ce dernier au bûcher Philippe le Bel
45%
Héros espagnol de "la Reconquista" ainsi que d'une pièce de Corneille Rodrigo Díaz de Vivar
42%
Roi français qui remporta la Guerre de Cent Ans Charles VII
39%
Le pape à l'origine de la première croisade Urbain II
36%
Il conquit Jérusalem pendant la 1ère Croisade Godefroy de Bouillon
29%
Le pape qui instaura le chant grégorien Grégoire Ier
27%
Dernier maître de l'Ordre du Temple Jacques de Molay
27%
Reine de France, épouse de Louis VIII Blanche de Castille
26%
Écrivain associé à la légende de la Pierre Philosophale Nicolas Flamel
26%
Chef viking à l'origine du duché de Normandie Rollon
26%
L'évêque qui fut son ministre des finances Éloi de Noyon
25%
Roi de France dit "le Bref" Pépin III
25%
Empereur romain germanique dit "Barberousse" Frédéric Ier
23%
Le frère de ce dernier, qui devint roi de Jérusalem à sa place Baudouin Ier de Jérusalem
22%
Roi d'Angleterre dont les prétentions au trône de France mena à la Guerre de Cent Ans Édouard III
22%
Sultan ottoman qui conquit Constantinople Mehmet II
21%
Va reconquérir Jérusalem lors de la 3ème Croisade Saladin
17%
Le commanditaire de ce meurtre Jean Ier de Bourgogne
16%
Auteur italien du "Décaméron" Boccace
15%
Son adversaire lors de la Bataille d'Hastings Harold II Godwinson
15%
Chevalier français de la Guerre de Cent Ans devenu criminel Gilles de Rais
14%
Roi d'Écosse dont le règne est immortalisé au théâtre par Shakespeare Macbeth
14%
Il préside le tribunal qui jugea Jeanne d'Arc Pierre Cauchon
14%
La grande rivale de celle-ci, reine d'Austrasie Brunehaut
13%
Premier pape à Avignon Clément V
12%
Pape dont le pontificat vit la création de l'Inquisition Innocent III
12%
Troisième épouse de Chilpéric Ier et réputée pour ses complots contre ses rivales Frédégonde
10%
Son meurtre déclencha la guerre civile entre Armagnacs et Bourgignons Louis d'Orléans
7%
Fondateur de la dynastie politique des Médicis Cosme de Médicis
6%
Fondateur de l'Ordre du Temple Hugues de Payns
6%
Premier roi d'Angleterre Æthelstan
4%
Premier roi du Portugal Alphonse Ier
4%
Héros de l'indépendance de la Bretagne Nominoë
4%
Comte d'Anjou dont la cruauté équivalait ses remords Foulques Nerra
3%
Auteur supposé de la "Chanson de Roland" Turold
3%
Reine d'Angleterre qui sauva les bourgeois de Calais Philippa de Hainaut
2%
Architecte qui reprit la construction de Notre-Dame de Paris et aménagea le Louvres Raymond du Temple
2%
Père de la nation hongroise Arpad
1%
Aucun quiz correspondant
Distribution des résultats
% des personnes avec chaque résultat
Percentile par nombre de réponses
Votre historique - résultats
Vous n’avez pas pris ce quiz